| 000 | 00938nam a2200289 i 4500 | ||
|---|---|---|---|
| 003 | EG-GICUC | ||
| 005 | 20260305140214.0 | ||
| 008 | 260305s1955 aca||||fr|||| 00| 0 eng d | ||
| 040 |
_aEG-GiCUC _beng _cEG-GiCUC _dEG-GiCUC _eRda |
||
| 082 | 0 | 4 |
_221 _a341.3051 _bLI . C |
| 092 | 0 | 4 | _221 |
| 099 | _aLaw1 11 341.3051 LI . C 1955 | ||
| 100 | 1 |
_aLindsay, Michael _eAuthor. |
|
| 245 | 1 | 0 |
_aChina and the Cold War : _bA Study in International Politics/ _cMichael Lindsay. _n |
| 264 | 3 |
_aMelbourne : _bMelbourne University Press, _c1955. |
|
| 300 |
_a286page : _billustration ; _c 24 cm. |
||
| 336 |
_2rda contenu _a texte |
||
| 337 |
_2rda medias _aOrdinateur |
||
| 338 |
_2 transporteur rda _a Ressource en ligne |
||
| 504 | _a | ||
| 546 | _aText in English | ||
| 650 | 1 | 4 |
_aPublic international law _2 |
| 651 | 1 | _2 | |
| 856 | 4 | 0 | _uhttps://fll.law.cu.edu.eg/fulltext/bks/B11-08641.pdf |
| 905 | _a50 | ||
| 942 |
_2ddc _cBK _e21 _n0 |
||
| 999 |
_c64993 _d64993 |
||